| 000 | 01011nas a2200325 4500 | ||
|---|---|---|---|
| 001 | BR0002739 | ||
| 003 | BR-BrBNA | ||
| 005 | 20231205101856.0 | ||
| 007 | ta | ||
| 008 | 230509b bl.|||p| |||| 00| 00por d | ||
| 040 |
_aBR-BrBNA _bpor _cBiblioteca Nacional de Agricultura |
||
| 041 | _a(Pt) | ||
| 072 | _aL53 | ||
| 100 | 1 | _aCyrillo, J.N. dos S.G. | |
| 100 | 1 | _aRazook, A.G. | |
| 100 | 1 | _aFigueiredo, L.A. de | |
| 100 | 1 | _aBonilha Neto, L.M. | |
| 100 | 1 | _aRuggieri, A.C. | |
| 100 | 1 | _aTonhati, H. | |
| 245 | 1 | _aEfeitos da selecao para peso pos-desmame sobre medidas corporais e perimetro escrotal de machos Nelore de Sertaozinho, Sao Paulo | |
| 650 | _aGado de Corte | ||
| 650 | _aAparelho Reprodutor | ||
| 650 | _aSelecao Genetica | ||
| 650 | _aDesmama | ||
| 650 | _aPeso | ||
| 650 | _aSao Paulo | ||
| 773 | 0 |
_tRevista Brasileira de Zootecnia (Brazil) _xISSN 1516-3598 _g(Mar-Apr 2000), v. 29(2) p. 403-412 _wBR0002739 |
|
| 909 |
_a202311 _bLúcia _c55 _dLúcia Elande |
||
| 942 |
_2AGRIS _n0 _cANA |
||
| 999 |
_c164460 _d164460 |
||